| 000 -LEADER |
| fixed length control field |
00515nam a2200205Ia 4500 |
| 001 - CONTROL NUMBER |
| control field |
17457 |
| 003 - CONTROL NUMBER IDENTIFIER |
| control field |
GE_BSU |
| 005 - DATE AND TIME OF LATEST TRANSACTION |
| control field |
20200207120206.0 |
| 008 - FIXED-LENGTH DATA ELEMENTS--GENERAL INFORMATION |
| fixed length control field |
181216s2003||||enk|||||||||||||| ||eng|| |
| 020 ## - INTERNATIONAL STANDARD BOOK NUMBER |
| International Standard Book Number |
9781410783707 |
| 040 ## - CATALOGING SOURCE |
| Transcribing agency |
GE_BSU |
| 041 ## - LANGUAGE CODE |
| Language code of text/sound track or separate title |
eng |
| 080 ## - UNIVERSAL DECIMAL CLASSIFICATION NUMBER |
| Universal Decimal Classification number |
519.2 Y-43 |
| 100 ## - MAIN ENTRY--PERSONAL NAME |
| Personal name |
Jeray, James |
| 9 (RLIN) |
6868 |
| 245 ## - TITLE STATEMENT |
| Title |
Statistics: Short and Simple |
| 260 ## - PUBLICATION, DISTRIBUTION, ETC. |
| Date of publication, distribution, etc. |
2003 |
| 300 ## - PHYSICAL DESCRIPTION |
| Extent |
54 p. |
| 653 ## - INDEX TERM--UNCONTROLLED |
| Uncontrolled term |
სტატისტიკა: მოკლე და მარტივი |
| 942 ## - ADDED ENTRY ELEMENTS (KOHA) |
| Koha item type |
წიგნი |
| Source of classification or shelving scheme |
|